Animaux japonais - Statistiques

Statistiques générales
  • Ce quiz a été pris 20 fois
  • Le résultat moyen est 5 sur 8
Statistiques - réponses
Par images Réponse % Correct
carpe koi
93%
akita inu
87%
frelon géant
67%
ours noir du Japon
67%
daim de nara
53%
macaque japonais
53%
blaireau japonais
20%
grue du japon
20%
Aucun quiz correspondant
Distribution des résultats
% des personnes avec chaque résultat
Percentile par nombre de réponses
Votre historique - résultats
Vous n’avez pas pris ce quiz